000 00572cam a22002291 4500
001 sa 67006146
003 DLC
005 20260227112404.0
008 890711s1965 ii c 000 0 hino
010 _asa 67006146
035 _a(OCoLC)19992656
040 _aDLC
_cWaU
_dDLC
042 _apremarc
050 0 0 _aPK2098.S37
_bA6 1965
100 1 _aSaxena, Gopal Das,
_d1926-
245 1 0 _aNīraja.
260 _c[1965]
300 _a130 p.
_bport.
_c19 cm.
440 0 _aĀja ke lokapriya Hindī kavi ;
_v5
500 _aIn Hindi.
700 0 _aKshem Chandra,
_d1917-
999 _c75722
_d75722